| 000 | 00788nac a22002051u 4500 | ||
|---|---|---|---|
| 010 | _a 91023269 | ||
| 020 | _a0029030110 : | ||
| 082 | 0 | 0 |
_a332.632 _bBER |
| 090 |
_c6096 _d6096 |
||
| 100 | _aBernstein, Peter L. | ||
| 245 | 1 | 0 |
_aCapital ideas : _bthe improbable origins of modern Wall Street / _cPeter L. Bernstein. |
| 260 |
_aNew York : _bFree Press ; _aToronto : _bMaxwell Macmillan Canada ; _aNew York : _bMaxwell Macmillan International,c1992. _cc1992. |
||
| 300 |
_axi, 340 p. : _bill. ; _c25 cm. |
||
| 500 | _aDistributer: Al-Ahram. | ||
| 504 | _aIncludes bibliographical references (p. 319-329) and indexes. | ||
| 511 | _aCatalogued By: Mahitab. | ||
| 650 | 0 | _aFinance. | |
| 651 | 0 | _aWall Street (New York, N.Y.) | |
| 942 |
_cBB _k332.632BER |
||
| 999 |
_c6096 _d6096 |
||